000 00941cam a22002054a 4500
005 20250605164248.0
008 250528s ||||||||||||||||||||||||d
035 _a21605
020 _a9789603330899
040 _aGR-AtMCL
_bgre
_dGR-AtMCL
_eAACR2
245 1 _aΟΜΑΔΟΣΥΝΕΡΓΑΤΙΚΗ ΔΙΔΑΣΚΑΛΙΑ ΚΑΙ ΜΑΘΗΣΗ / ΓΙΑ ΤΟ ΚΑΘΗΜΕΡΙΝΟ ΜΑΘΗΜΑ ΚΑΙ ΤΑ ΠΡΟΓΡΑΜΜΑΤΑ ΤΟΥ ΟΛΟΗΜΕΡΟΥ ΣΧΟΛΕΙΟΥ, ΤΑ ΠΕΡΙΒΑΛΛΟΝΤΙΚΑ, ΤΑ ΠΟΛΙΤΙΣΤΙΚ
250 _a1
260 _bΓρηγορης,
_c2008
300 _a284
520 _aΟΜΑΔΟΣΥΝΕΡΓΑΤΙΚΗ ΔΙΔΑΣΚΑΛΙΑ ΛΟΓΟΙ ΔΙΑΦΟΡΟΠΟΙΗΣΕΙΣ ΑΤΟΜΟ ΚΑΙ ΟΜΑΔΑ ΚΡΙΤΙΚΗ ΚΟΙΝΩΝΙΚΗ ΟΡΓΑΝΩΣΗ ΜΑΘΗΤΙΚΗ ΟΜΑΔΑ
700 1 _aΜατσαγγουρας Ηλιας Γ
_95796
942 _cBK
999 _c6666
_d6666